The Friday Multiple Choice Quiz (General Knowledge) #28 - Statistics

General Stats
  • This quiz has been taken 10 times
  • The average score is 5 of 10
Answer Stats
Question Answer % Correct
What is measured on the Richter Scale? The strength of earthquakes
100%
In which film does Tony Montana, wielding a rifle and grenade launcher, utter the line "say hello to my little friend..." Scarface
89%
What are 'butterfly' 'spiderman' 'eskimo' and 'French' all types of? Kisses
78%
Which popular song contains these lyrics: "A little mouse with clogs on, well I declare, going clip clippety clop on the stair..." A Windmill in Old Amsterdam
56%
The loganberry is a hybrid of which two fruits? Blackberry and Raspberry
56%
In 1968 who had a hit single with the song 'Cry Like a Baby'? Box Tops
44%
What was the last film directed by Alfred Hitchcock? Family Plot
44%
In what decade was Mount Rushmore finished? 1940's
33%
In 1921 which country issued a 'Notgeld' banknote containing an image of a donkey defecating coins? Germany
33%
Which two rivers form part of the Germany/Poland border? Oder and Neisse
11%
No matching quizzes found
Score Distribution
Percent of People with Each Score
Percentile by Number Answered
Your Score History
You have not taken this quiz